000 01089nam0a2200289 4500
001 RU\NLR\bibl\1142848
005 20250615074232.0
010 _a5-902312-67-1
_9500
035 _a(NLR Aleph) 001129698
090 _a1350072
_c1350073
100 _a20071018d2006 |||y0rusy50 ca
101 0 _arus
102 _aRU
105 _ay |||||||||
200 1 _aПоследняя каравелла
_eизбранные поэтические переводы
_fГеннадий Зельдович
_g[послесл., коммент.: Е. Витковский]
210 _aМосква
_cВодолей Publishers
_d2006
215 _a318, [1] с.
_d21
327 1 _aПереводы поэтов Великобритании, США, Португалии, Испании, Франции, Польши
686 _aШ6(2=Р)6-4
686 _aШ6(0)07-5я43{Лх150-175}
700 1 _aЗельдович
_bГ.
_f1964-
_gГеннадий
_4070
801 0 _aRU
_bNLR
_c20071018
_gRCR
801 1 _aRU
_bNLR
_c20071018
942 _cBOOK
980 _aNB